| 000 | 00411 a2200169 4500 | ||
|---|---|---|---|
| 001 | 186613 | ||
| 020 | _a978-85-16-05664-3 | ||
| 040 | _cMagnum | ||
| 100 | _aMota, Myriam Becho | ||
| 240 | 1 | 0 |
_aHistória: das cavernas ao terceiro milênio _lpor |
| 245 | 1 | 0 | _aHistória: das cavernas ao terceiro milênio |
| 300 | _a752 | ||
| 362 | 0 | _a2009 | |
| 440 | 1 | _aModerna | |
| 697 | _aHISTÓRIA GERAL | ||
| 942 | _cBK | ||
| 999 |
_c186613 _d186613 |
||